Name the BBC Ghosts - Statistics

General Stats
  • This quiz has been taken 21 times
  • The average score is 9 of 9
Answer Stats
Answer % Correct
Fanny
100%
Kitty
100%
Mary
100%
Pat
100%
Julian
94%
Robin
94%
The Captain
94%
Thomas
94%
Humphrey
88%
No matching quizzes found
Score Distribution
Percent of People with Each Score
Percentile by Number Answered
Your Score History
You have not taken this quiz